[Event "US Open"]
[Site "Vancouver, WA"]
[Date "2012.08.11"]
[Round "8"]
[White "Skalnes, Erik  (OR)"]
[Black "Rutgers, Bert  (WA)"]
[Result "0-1"]
[WhiteElo "1881"]
[BlackElo "1517"]
[PlyCount ""]

1.d4 Nf6 2.c4 g6 3.Nc3 Bg7 4.e4 d6 5.Nf3 O-O 6.Be2 c5 7.O-O Nc6
8.d5 Nb8 9.Ne1 e6 10.f4 exd5 11.cxd5 Re8 12.Qc2 Qe7 13.Bf3 Nbd7
14.Nd3 c4 15.Nf2 Nc5 16.Re1 Rb8 17.e5 b5 18.Bd2 dxe5 19.fxe5
Nfd7 20.e6 fxe6 21.dxe6 Nf6 22.Bf4 Rb6 23.Bg5 Bb7 24.Bxb7 Qxb7
25.e7 Re6 26.Rxe6 Nxe6 27.Nce4 Nxe4 28.Nxe4 Nxg5 29.Nxg5 Qxe7
30.Nf3 Qe2 31.Qxe2 Rxe2 32.Rb1 Rxb2 33.Rxb2 Bxb2 34.Ne1 b4 35.Kf2
Bc3 36.Nc2 Kf7 37.Ke2 Ke6 38.Ne3 b3 39.axb3 cxb3 40.Kd3 b2 41.Kc2
Ke5 42.Ng4+ Ke4 43.Nf2+ Kd4 44.Nd1 b1Q+ 45.Kxb1 Kd3 46.Nf2+ Ke2
47.Ne4 Be5 48.h3 h6 49.Kc2 Ke3 50.Nc5 Bd6 51.Nd3 Ke2 52.Kc3 Kf1
53.g4 Kg2 54.h4 Kg3 55.h5 g5 0-1

[Event "US Open"]
[Site "Vancouver, WA"]
[Date "2012.08.11"]
[Round "9"]
[White "Rutgers, Bert  (WA)"]
[Black "Polksy, Ryan  (CA)"]
[Result "1-0"]
[WhiteElo "1517"]
[BlackElo "1876"]
[PlyCount ""]

1.e4 c5 2.Nf3 d6 3.d4 cxd4 4.Nxd4 Nf6 5.Nc3 a6 6.Be2 e5 7.Nf3
h6 8.h3 Be7 9.O-O Qc7 10.Be3 O-O 11.Ne1 Nbd7 12.Nd3 Nc5 13.f3
Rd8 14.b4 Nxd3 15.Qxd3 Be6 16.Na4 Nd7 17.c4 b5 18.Nb2 bxc4 19.Nxc4
Qb7 20.Na5 Qb5 21.Qd2 Qa4 22.a3 Nf6 23.Rfc1 d5 24.Bd1 Qb5 25.a4
Qd7 26.exd5 Nxd5 27.Nc6 Rdc8 28.Nxe7+ Qxe7 29.Bc5 Qf6 30.Bb3
Nf4 31.Bxe6 Qxe6 32.Be3 Nd5 33.b5 axb5 34.axb5 Rxa1 35.Rxa1 Nxe3
36.Qxe3 Qd5 37.Rb1 Rb8 38.Qb3 Qxb3 39.Rxb3 Kf8 40.b6 Ke7 41.Kf2
Kd6 42.Ke3 Kc6 43.Ke4 f6 44.g4 g6 45.b7 Kc5 46.h4 Kc6 47.h5 f5+
48.Kxe5 fxg4 49.fxg4 gxh5 50.gxh5 Kd7 51.Kf5 Ke7 52.Rb6 Kf7 53.Rxh6
Kg7 54.Rb6 Kf7 55.h6 Kg8 56.Ke6 1-0

[Event "US Open"]
[Site "Vancouver, WA"]
[Date "2012.08.14"]
[Round "9"]
[White "Heublum, Harry  (NY)"]
[Black "Morris, Michael  (OR)"]
[Result "0-1"]
[WhiteElo "1896"]
[BlackElo "2044"]
[PlyCount ""]

1.d4 {%03(Annotations by Mike Morris)} Nf6 2.Nf3 g6 3.Bf4 Bg7
4.h3 O-O 5.e3 d6 6.Be2 Nbd7 7.O-O c5 8.c4 b6 9.Nc3 Bb7 10.d5
h6 11.Bh2 ( 11.Bh2 Nh7 12.e4 Ba6 13.Bd3 Ng5 14.Nd2 Bd4 15.Kh1
Kg7 16.f4 Nh7 17.Nf3 Bxc3 18.bxc3 f6 19.Nh4 Rh8 20.Qg4 Nhf8 21.e5
Bc8 22.e6 {1-0, Tomanovics Jozsef (HUN) 2310 - Szemok Istvan (HUN) 2175, Kobanya (Hungary) 1996}
) a6 12.Rb1 Ne8 13.e4 Nc7 14.a3 Rb8 15.Bd3 {  (With Qe2 and e5 coming, Black needs to get some counterplay, and fast!)}
Bc8 16.Qe2 Re8 17.e5 b5 18.e6 Nf8 19.exf7+ Kxf7 20.Nh4 bxc4 21.Bxg6+
Nxg6 22.Qh5 Kg8 23.Qxg6 Rf8 24.Rbe1 Rxb2 25.Re3 Qe8 26.Qe4 Rb3
27.Qxc4 Rxc3 28.Rxc3 Bxc3 29.Qxc3 Rf6 30.Rd1 Nb5 31.Qd3 Qf7 32.Bg3
Nd4 33.Rb1 Kg7 34.Rb8 Bd7 35.Qxa6 Qxd5 36.Rb7 Qc6 37.Qxc6 Bxc6
38.Rxe7+ Kf8 39.Rc7 c4 40.Nf3 Bxf3 41.gxf3 Nxf3+ 42.Kf1 d5 43.Rd7
d4 44.Rd6 Rf5 45.Rxh6 d3 46.Rc6 Ke7 47.h4 Rd5 48.Bf4 Rd4 49.Be3
Rxh4 {%02  (How did I miss Rg4?)} 50.Kg2 d2 51.Bxd2 Nxd2 52.f3
Kd7 53.Rc5 Nb3 54.Rb5 Kc6 55.a4 Rh8 56.Kf2 Ra8 57.Rb4 Kc5 58.Rb5+
Kd4 59.a5 Rxa5 60.Rxa5 Nxa5 61.Ke2 c3 62.f4 Nb3 63.f5 0-1

[Event "US Open"]
[Site "Vancouver, WA"]
[Date "2012.08.09"]
[Round "6"]
[White "Davis, Charles  (TX)"]
[Black "Morris, Michael  (OR)"]
[Result "0-1"]
[WhiteElo "1671"]
[BlackElo "2044"]
[PlyCount ""]

1.e4 {%03 Annotations by Mike Morris} c5 2.Nf3 e6 3.d4 cxd4 4.Nxd4
a6 5.Bd3 Qc7 6.O-O Nf6 7.Be3 Be7 8.c4 d6 9.f4 Nbd7 10.b4 O-O
11.Nd2 b6 12.a4 Re8 13.g4 g6 14.Qf3 Bb7 15.h4 {  (At this point an amazed spectator took a picture of the pawn structure.)}
Bf8 16.g5 Nh5 17.Kf2 Rac8 18.Ne2 Bg7 19.Rac1 f5 20.gxf6 Bxf6
21.Rh1 Rf8 22.Rcg1 Ne5 23.Qxh5 Nxd3+ 24.Kf1 Be5 25.Qg4 Nxf4 26.Bxf4
Bxf4 27.Qxe6+ Qf7 28.Qxf7+ Rxf7 29.Nxf4 Rxf4+ 30.Ke2 Bxe4 31.Nxe4
Rxe4+ 32.Kd3 Rcxc4 {%02  (Those pawns are dropping fast now.)}
33.h5 Kg7 34.hxg6 hxg6 35.Rh5 Rxb4 36.Rhg5 Re6 37.a5 b5 38.Kc3
Ra4 39.Rf1 Rxa5 {%02  (and won on move 56)} 0-1